000 00390nam a2200181Ia 4500
001 15059
005 20260306165000.0
008 260306t2013||||xx |||||||||||||| ||spa||
041 _aESP
082 _a526.9
_bT72
100 _aTorres Nieto, Álvaro
_eAUT
245 0 _aTopografía
260 _c2013
300 _a
_c
650 _aGEN
654 _aCIC
942 _cLIB
_dJUS
_fJUS
_2ddc
_n
999 _c15059
_d15059